00681nam a2200217 a 450000100060000000300080000600500170001400800410003102000280007203500200010004000270012004100080014708200260015510000300018124500460021126000370025730000330029450000620032750400510038965000230044068617BD-RjUL20211209081806.0170404s19921987enka b 001 0 eng d a0894647997 (alk. paper) a(BD-RjUL) 68827 aDLCcDLCdBD-RjULbeng aeng00223a621.317bBAM 19871 aBaliga, B. Jayant,d1948-10aModern power devices /cB. Jayant Baliga. aNew York :bJohn Wiley, cc1987. axv, 476 p. :bill. ;c24 cm. aReprint. Originally published: New York : J. Wiley, 1987. aIncludes bibliographical references and index. 0aPower electronics.